| 000 | 00870nas a2200277 4500 | ||
|---|---|---|---|
| 001 | BR9601601 | ||
| 003 | BR-BrBNA | ||
| 005 | 20231205094706.0 | ||
| 007 | ta | ||
| 008 | 230509b bl.|||p| |||| 00| 00por d | ||
| 040 |
_aBR-BrBNA _bpor _cBiblioteca Nacional de Agricultura |
||
| 041 | _a(Pt) | ||
| 072 | _aL72 | ||
| 100 | 1 | _aHomann, W. | |
| 100 | 1 | _aGrisi, L. | |
| 100 | 1 | _aFaccini, J.L.H. | |
| 100 | 1 | _aMossard, C.L. | |
| 100 | 1 | _aFalce, H.C. | |
| 245 | 1 | _aObservacoes sobre o ciclo biologico do Dermanyssus gallinae (De Geer, 1778)e do Ornithoryssus sylviarum (Canestrini e Fanzago, 1877)Acan; Dermanyssidae) | |
| 650 | _aAvicultura | ||
| 650 | _aAcaro | ||
| 650 | _aBiologia | ||
| 773 | 0 |
_tRevista do Setor de Ciencias Agrarias (Brazil) _x _g(1994), v. 13(1-2) p. 225-228 _wBR9601601 |
|
| 909 |
_a202311 _bLúcia _c55 _dLúcia Elande |
||
| 942 |
_2AGRIS _n0 _cANA |
||
| 999 |
_c146180 _d146180 |
||